00989nam a2200253 a 450000100060000000300080000600500170001400800410003103500190007204000390009104100080013008200250013810000340016324501160019726000520031330000330036549000550039850000200045360000400047383000640051394200120057799900170058995201290060656790BD-RjUL20211209080431.0761105s1974 ii abf 001 0beng  a(BD-RjUL)56914 aDLCcDLCdDLCdOCoLCdBD-RjULbeng aeng00a297.63223bHAM 19741 aHamidullah, Muhammad.916887810aMuhammad Rasulullah :ba concise survey of the life and work of the founder of Islam /cby Muhammad Hamidullah. aHyderabad, Deccan :b[Stockists, Habib],c1974. aiv, 197 p. :bill. ;c24 cm.1 aSeries - Centre culturel islamique, Paris ;vno. 4 aIncludes index.00aMuḥammad,cProphet,d632.9137045 0aSeries - Centre culturel islamique, Paris ;vno. 4.9125135 2ddccBK c56790d56790 00102ddc40718NFICaRUCLbRUCLcReadingd1978-02-27eAuthorl0o297.63 HAM 1974r2016-12-04 00:00:00tC-1w2016-12-04yBK